• 首页
  • 本馆介绍
  • 公告通知
  • 最新文献
  • 馆藏检索
  • 电子资源
  • 读者导购
  • 参考咨询
  • 我的图书馆
  • 登录
  • 详细信息显示
  • 放入我的书架
  • 预约/预借图书
  • 作者相关作品
  • 分类相关作品
  • 丛书相关作品
  • 出版社相关作品

书目信息

  • 表格格式
  • 工作单格式
  • 卡片格式
题名:
中央美术学院版画系张烨的硕士之路
    
 
作者: 宫六朝 主编
分册:  
出版信息: 石家庄   花山文艺出版社  2004
页数: 44页
开本: 29cm
丛书名: 中国高等美术学院研究生档案库
单 册:
中图分类: K825.72=76 , J227 , K825.72
科图分类:
主题词: 绘画--中国--现代--画册 , 画家 , 画家--人物研究--中国--现代 , 人物--传记--中国--人物--传记--中国
电子资源:
ISBN: 7-80673-419-8
000 01072oam2 2200313 450
001 002841021
005 20061113111346.73
010    @a7-80673-419-8@dCNY21.00
100    @a20050411d2004 em y0chiy0110 ea
101 0  @achi
102    @aCN@b130000
105    @aa z 000yd
200 1  @a中央美术学院版画系张烨的硕士之路@9zhong yang mei shu xue yuan ban hua xi zhang ye de shuo shi zhi lu@f宫六朝主编
210    @a石家庄@c花山文艺出版社@d2004
215    @a44页@c图@d29cm
225 2  @a中国高等美术学院研究生档案库
330    @a本书介绍了中央美术学院版画系张烨的绘画之路及其作品,内容包括“写在前面”、“与老矛对话”、“水印创作版画小议”三部分。
461  0 @12001 @a中国高等美术学院研究生档案库
606 0  @a绘画@y中国@z现代@j画册
606 0  @a画家
606 0  @a画家@x人物研究@y中国@z现代
606 0  @a人物@x传记@x中国@a人物@x传记@x中国
610 0  @a张烨(1971~)
690    @aK825.72=76@v4
690    @aJ227@v4
690    @aK825.72@v3
701  0 @a宫六朝@9gong liu chao@f(1952~)@4主编
801  0 @aCN@bNLC@c20061113
905    @a10447@dK825.72@e433
    
    中央美术学院版画系张烨的硕士之路/宫六朝主编.-石家庄:花山文艺出版社,2004
    44页:图;29cm.-(中国高等美术学院研究生档案库)
    
    
    ISBN 7-80673-419-8:CNY21.00
    本书介绍了中央美术学院版画系张烨的绘画之路及其作品,内容包括“写在前面”、“与老矛对话”、“水印创作版画小议”三部分。
●
相关链接 在E读中查询图书 在五车中查询图书 在当当中查询图书 在豆瓣中查询图书


正题名:中央美术学院版画系张烨的硕士之路     索取号:K825.72/433         预约/预借

序号 登录号 条形码 馆藏地/架位号 状态 备注
1 0383320   203833209   第二样本阅览室/ [索取号:K825.72/433] 在馆    
2 0383321   203833218   密集书库/ [索取号:K825.72/433] 在馆    
3 0383322   203833227   密集书库/ [索取号:K825.72/433] 在馆    
4 0383323   203833236   密集书库/ [索取号:K825.72/433] 在馆    
5 0383324   203833245   密集书库/ [索取号:K825.72/433] 在馆    
唐山师范学院图书馆 欢迎您!
大连网信软件有限公司© 版权所有